000 01097nam a2200301 i 4500
003 EG-GICUC
005 20260506181728.0
008 260506s1960 fr ||||fr|||| 00| 0 fre d
040 _aEG-GiCUC
_bfre
_cEG-GiCUC
_dEG-GiCUC
_eRda
082 0 4 _221
_a345.2
_bLA . R
092 0 4 _221
099 _aLaw1 07 345.2 LA . R 1960
100 1 _aLamarque, Jean
_eAuteur
245 1 3 _aRecherches Sur L'application Du Droit Privé Aux Services Publics Administratifs /
_b
_cJean Lamarque ; Mm. J. M. Auby, J. Brèthe De La Gressaye.
_n
264 1 _aParis :
_bLibrairie Générale De Droit Et De Jurisprudence,
_c1960.
300 _a575page :
_billustration ;
_c 24 cm.
336 _2rda contenu
_a texte
337 _2rda medias
_aOrdinateur
338 _2 transporteur rda
_a Ressource en ligne
546 _aTexte en français
650 1 4 _aDroit administratif
_2
651 1 _2
700 1 _aAuby, Mm. J. M
_ePréfacier
700 1 _aGressaye, J. Brèthe De La
_ePréfacier
856 4 0 _uhttps://fll.law.cu.edu.eg/fulltext/bks/B07-05608.pdf
905 _a50
942 _2ddc
_cBK
_e21
_n0
999 _c76046
_d76046